LDR 00731naa#a2200217#i#450# 001 EN\\bibl\123351 005 20260706010017.1 011 ## _a1994-4683 100 ## _a20230731b2023####ek#y0engy0150####ca 102 ## _aRU 200 1# _aPROSPECTS FOR THE INCLUSION OF FULL-AMPLITUDE MOVEMENTS IN THE ARMWRESTLERS TRAINING PLAN _eJournal article 210 1# _aMoscow _cNational State University of Physical Education, Sports and Health named after P.F. Lesgaft _d2023 215 ## _a3 с. 608 ## _aJournal article _2local 675 ## _aСиловой спорт. 796.894 _z 700 #1 _aBareeva _gD R 700 #1 _aZHivoderov _gA V 700 #1 _aEvdokimov _gI M 700 #1 _aZHivoderov _gV A 700 #1 _aDrozd _gA V 856 4# _auchzapiski.lesgaft.spb.ru _u